[Event "St Petersburg Autumn op"]
[Site "St Petersburg"]
[Date "2006.11.06"]
[Round "7"]
[White "Zuttis, Sergey"]
[Black "Eltsov, Valery"]
[Result "0-1"]
[WhiteElo "2039"]
[BlackElo "2111"]
[PlyCount "60"]
[EventDate "2006.10.31"]
[EventType "swiss"]
[EventRounds "9"]
[EventCountry "RUS"]
[SourceTitle "EXT 2007"]
[Source "ChessBase"]
[SourceDate "2006.11.23"]
[SourceVersion "1"]
[SourceVersionDate "2006.11.23"]
[SourceQuality "1"]

1. e4 e5 2. Nf3 Nc6 3. Nc3 Nf6 4. g3 d5 5. exd5 Nxd5 6. Bg2 Nxc3 7. bxc3 Bc5 8. 0-0 0-0 9. Re1 f6 10. d3 Qd6 11. Nd2 Bb6 12. Nc4 Qe7 13. Nxb6 axb6 14. d4 Rd8 15. Qe2 Re8 16. f4 Qf7 17. Qb5 Ra5 18. Qf1 Rxa2 19. Rxa2 Qxa2 20. Qb5 Qf7 21. Bd5 Be6 22. Bxe6 Qxe6 23. d5 Na7 24. Qa4 Qf7 25. Qxa7 exf4 26. Rxe8+ Qxe8 27. Bd2 f3 28. Qxb7 g5 29. Qxc7 Qe2 30. Qc8+ Kg7 0-1

[Event "St Petersburg Autumn op"]
[Site "St Petersburg"]
[Date "2006.11.03"]
[Round "4"]
[White "Zuttis, Sergey"]
[Black "Stepaniants, Anatoly"]
[Result "1/2-1/2"]
[WhiteElo "2039"]
[BlackElo "1971"]
[PlyCount "57"]
[EventDate "2006.10.31"]
[EventType "swiss"]
[EventRounds "9"]
[EventCountry "RUS"]
[SourceTitle "EXT 2007"]
[Source "ChessBase"]
[SourceDate "2006.11.23"]
[SourceVersion "1"]
[SourceVersionDate "2006.11.23"]
[SourceQuality "1"]

1. e4 c6 2. d4 d5 3. exd5 cxd5 4. c4 Nf6 5. Nc3 g6 6. Nf3 Bg7 7. c5 0-0 8. Bd3 Nc6 9. h3 Re8 10. 0-0 Ne4 11. Nxe4 dxe4 12. Bxe4 Nxd4 13. Be3 Nc6 14. Rb1 Qc7 15. b4 Bf5 16. Qc2 Bxe4 17. Qxe4 a6 18. a4 e5 19. b5 axb5 20. axb5 Nd4 21. Bxd4 exd4 22. Qd5 Rad8 23. Qc4 h6 24. Rfe1 Rxe1+ 25. Rxe1 d3 26. Rd1 Qe7 27. c6 bxc6 28. bxc6 Qd6 29. c7 1/2-1/2

[Event "Autumn on Petrograd Side"]
[Site "St Petersburg"]
[Date "2006.09.28"]
[Round "9"]
[White "Zuttis, Sergey"]
[Black "Kobzar, Alexandr"]
[Result "1/2-1/2"]
[WhiteElo "2104"]
[BlackElo "2085"]
[PlyCount "76"]
[EventDate "2006.09.18"]
[EventType "swiss"]
[EventRounds "9"]
[EventCountry "RUS"]
[SourceTitle "EXT 2022"]
[Source "ChessBase"]
[SourceDate "2021.10.06"]
[SourceVersion "1"]
[SourceVersionDate "2021.10.06"]
[SourceQuality "1"]

1. e4 c5 2. Nc3 d6 3. g3 g6 4. Bg2 Bg7 5. d3 Nc6 6. Be3 e6 7. Qd2 Rb8 8. Nge2 Nd4 9. 0-0 Ne7 10. Nd1 b5 11. Nxd4 cxd4 12. Bh6 0-0 13. Bxg7 Kxg7 14. c3 Nc6 15. f4 Qb6 16. Kh1 b4 17. cxd4 Nxd4 18. Ne3 b3 19. Nc4 Qc7 20. Qc3 e5 21. fxe5 dxe5 22. axb3 Be6 23. Qa5 Qxa5 24. Rxa5 Rxb3 25. Nxe5 Nb5 26. Rf2 Rc8 27. Bf1 Rc1 28. Kg2 f6 29. Nc4 Bxc4 30. dxc4 Nd6 31. Rxa7+ Kh6 32. Ra3 Rxa3 33. bxa3 Nxe4 34. Ra2 Nc3 35. Rd2 Ra1 36. Rd3 Ne4 37. Be2 Ra2 38. Re3 f5 1/2-1/2

[Event "Autumn on Petrograd Side"]
[Site "St Petersburg"]
[Date "2006.09.27"]
[Round "8"]
[White "Zakharov, Yuri Vasilievich"]
[Black "Zuttis, Sergey"]
[Result "1-0"]
[WhiteElo "2013"]
[BlackElo "2104"]
[PlyCount "49"]
[EventDate "2006.09.18"]
[EventType "swiss"]
[EventRounds "9"]
[EventCountry "RUS"]
[SourceTitle "EXT 2022"]
[Source "ChessBase"]
[SourceDate "2021.10.06"]
[SourceVersion "1"]
[SourceVersionDate "2021.10.06"]
[SourceQuality "1"]

1. Nf3 Nf6 2. g3 d5 3. d4 e6 4. Bg2 c5 5. c3 Nc6 6. 0-0 cxd4 7. cxd4 Bd6 8. b3 0-0 9. Bb2 Qe7 10. Ne5 Bxe5 11. dxe5 Ng4 12. Ba3 Qg5 13. Bxf8 Qxe5 14. Bxg7 Qxg7 15. Nd2 Bd7 16. Rc1 Rd8 17. Nf3 Nge5 18. Nxe5 Qxe5 19. Qd2 Kg7 20. e3 Be8 21. Rfe1 h6 22. b4 a6 23. a3 Kh7 24. Rc5 Kg7 25. e4 1-0

[Event "Autumn on Petrograd Side"]
[Site "St Petersburg"]
[Date "2006.09.18"]
[Round "1"]
[White "Bragina, Anastasia"]
[Black "Zuttis, Sergey"]
[Result "1/2-1/2"]
[WhiteElo "2007"]
[BlackElo "2104"]
[PlyCount "88"]
[EventDate "2006.09.18"]
[EventType "swiss"]
[EventRounds "9"]
[EventCountry "RUS"]
[SourceTitle "EXT 2022"]
[Source "ChessBase"]
[SourceDate "2021.10.06"]
[SourceVersion "1"]
[SourceVersionDate "2021.10.06"]
[SourceQuality "1"]

1. e4 e5 2. Nf3 Nf6 3. Nxe5 d6 4. Nf3 Nxe4 5. Nc3 Nf6 6. d4 d5 7. Bf4 Bd6 8. Be5 c6 9. Be2 0-0 10. 0-0 Re8 11. Re1 Ne4 12. Bg3 f5 13. Bxd6 Qxd6 14. Ne5 Nd7 15. f4 Ndf6 16. Nxe4 dxe4 17. Bc4+ Be6 18. Bxe6+ Rxe6 19. Qd2 c5 20. Rad1 Rd8 21. c3 b5 22. Qf2 a5 23. Qf1 Qb6 24. Kh1 cxd4 25. cxd4 Red6 26. Qe2 Rxd4 27. Rxd4 Rxd4 28. Qe3 Nd5 29. Qb3 a4 30. Qa3 Qc7 31. g3 Rd2 32. b3 Qc2 33. Nf3 Rd1 34. Qd6 Rxe1+ 35. Nxe1 Qd1 36. Qe6+ Kf8 37. Qxf5+ Nf6 38. Qc5+ Kf7 39. Qe3 Ng4 40. Qa7+ Kg6 41. Qb6+ Nf6 42. Qe3 Qd5 43. Kg2 Ng4 44. Qd2 Nf6 1/2-1/2

[Event "St Petersburg White Nights op"]
[Site "St Petersburg"]
[Date "2006.06.29"]
[Round "7"]
[White "Nikologorskiy, Konstantin"]
[Black "Zuttis, Sergey"]
[Result "1-0"]
[WhiteElo "1946"]
[BlackElo "2097"]
[PlyCount "83"]
[EventDate "2006.06.23"]
[EventType "swiss"]
[EventRounds "9"]
[EventCountry "RUS"]
[SourceTitle "CBM 112 Extra"]
[Source "ChessBase"]
[SourceDate "2006.07.14"]
[SourceVersion "1"]
[SourceVersionDate "2006.07.14"]
[SourceQuality "1"]

1. c4 f5 2. d4 Nf6 3. Nc3 d6 4. Nf3 g6 5. h4 Bg7 6. Bg5 c6 7. Qc2 Na6 8. a3 Be6 9. e3 Nh5 10. Bd3 0-0 11. 0-0-0 d5 12. cxd5 cxd5 13. Bxa6 bxa6 14. Na4 Qd6 15. g3 f4 16. Bxf4 Nxf4 17. gxf4 Bf5 18. Qc3 Rfc8 19. Nc5 Rab8 20. Ne5 Rb5 21. Ned3 Bxd3 22. Qxd3 Qb6 23. Rd2 Qb8 24. h5 Qd6 25. hxg6 Qxg6 26. Qxg6 hxg6 27. Rg1 Kf7 28. Kd1 a5 29. f3 Rcb8 30. Kc1 R8b6 31. Rdg2 Rc6 32. f5 Bh6 33. fxg6+ Kg7 34. f4 e5 35. Rg4 Rb3 36. Kb1 Rxe3 37. fxe5 Re2 38. R1g2 Re1+ 39. Ka2 Be3 40. Rh2 Bxd4 41. Rh7+ Kg8 42. g7 1-0

[Event "St Petersburg Autumn op"]
[Site "St Petersburg"]
[Date "2005.11.04"]
[Round "7"]
[White "Lychik, Robert Ivanovich"]
[Black "Zuttis, Sergey"]
[Result "1/2-1/2"]
[WhiteElo "2059"]
[BlackElo "2138"]
[PlyCount "25"]
[EventDate "2005.10.29"]
[EventType "swiss"]
[EventRounds "9"]
[EventCountry "RUS"]
[SourceTitle "EXT 2006"]
[Source "ChessBase"]
[SourceDate "2005.11.24"]
[SourceVersion "1"]
[SourceVersionDate "2005.11.24"]
[SourceQuality "1"]

1. e4 e6 2. d4 d5 3. Nc3 Nf6 4. e5 Nfd7 5. Qg4 c5 6. Nf3 cxd4 7. Nb5 Nc6 8. Nd6+ Bxd6 9. Qxg7 Bxe5 10. Nxe5 Qf6 11. Qxf6 Nxf6 12. Bb5 Bd7 13. Nf3 1/2-1/2

[Event "St Petersburg White Nights op"]
[Site "St Petersburg"]
[Date "2004.??.??"]
[Round "9"]
[White "Pavlov, Gennady Vasilievich"]
[Black "Zuttis, Sergey"]
[Result "1-0"]
[WhiteElo "2131"]
[BlackElo "2220"]
[PlyCount "65"]
[EventDate "2004.06.??"]
[EventType "swiss"]
[EventRounds "9"]
[EventCountry "RUS"]
[SourceTitle "CBM 100 Extra"]
[Source "ChessBase"]
[SourceDate "2004.07.06"]
[SourceVersion "2"]
[SourceVersionDate "2004.07.06"]
[SourceQuality "1"]

1. d4 Nf6 2. c4 d6 3. Nf3 Bg4 4. Nbd2 Nbd7 5. Qb3 Rb8 6. e3 e5 7. h3 Bh5 8. Qa4 exd4 9. exd4 a6 10. Bd3 Be7 11. 0-0 0-0 12. Qc2 c5 13. b3 Bg6 14. Bb2 Bxd3 15. Qxd3 Qc7 16. Rfe1 Rfe8 17. Re2 Bf8 18. Rae1 Rxe2 19. Rxe2 b5 20. Ne4 Nxe4 21. Rxe4 bxc4 22. Qxc4 d5 23. Qxd5 Nf6 24. Qf5 Nxe4 25. Qxe4 Qe7 26. Qd3 a5 27. d5 Rd8 28. Bc3 Qd6 29. Ng5 Qg6 30. Ne4 Qf5 31. Nf6+ Qxf6 32. Bxf6 gxf6 33. Kf1 1-0

[Event "St Petersburg White Nights op"]
[Site "St Petersburg"]
[Date "2004.??.??"]
[Round "5"]
[White "Stroganov, Anatoly"]
[Black "Zuttis, Sergey"]
[Result "0-1"]
[WhiteElo "2008"]
[BlackElo "2220"]
[PlyCount "114"]
[EventDate "2004.06.??"]
[EventType "swiss"]
[EventRounds "9"]
[EventCountry "RUS"]
[SourceTitle "CBM 100 Extra"]
[Source "ChessBase"]
[SourceDate "2004.07.06"]
[SourceVersion "2"]
[SourceVersionDate "2004.07.06"]
[SourceQuality "1"]

1. d4 Nf6 2. Nf3 d6 3. e3 c6 4. Bd3 Nbd7 5. 0-0 e5 6. Nbd2 Be7 7. b3 0-0 8. Bb2 Qc7 9. c4 Re8 10. Rc1 Bf8 11. Ng5 h6 12. Nge4 Nxe4 13. Nxe4 Be7 14. Bb1 Nf6 15. Ng3 Bf8 16. Qc2 g6 17. c5 h5 18. dxe5 dxe5 19. e4 h4 20. Nh1 Bh6 21. Rce1 Nh5 22. f3 b6 23. Bc1 Bxc1 24. Rxc1 Ba6 25. Rfd1 Nf4 26. Rd2 Rad8 27. Rcd1 Rxd2 28. Rxd2 Rd8 29. Qd1 Rxd2 30. Qxd2 bxc5 31. Nf2 Ne2+ 32. Kh1 Nd4 33. Ng4 Qe7 34. Qh6 Bc8 35. Ne3 Be6 36. f4 exf4 37. Qxf4 Kg7 38. Bd3 Qf6 39. Qxf6+ Kxf6 40. Kg1 Ke5 41. Kf2 a5 42. Bb1 Nb5 43. Nd1 Kd4 44. Ne3 Nc3 45. Bc2 Nxa2 46. Kf3 Nb4 47. Bd1 Kc3 48. g3 hxg3 49. Kxg3 Bxb3 50. Bxb3 Kxb3 51. Ng4 Nd3 52. Nh6 Ne5 53. Kf4 Nd7 54. Nxf7 a4 55. e5 a3 56. e6 Nf6 57. Kg5 Nd5 0-1

[Event "RUS-Cup 300 years"]
[Site "St Petersburg"]
[Date "2003.10.25"]
[Round "8"]
[White "Zuttis, Sergey"]
[Black "Serov, Maksim"]
[Result "0-1"]
[WhiteElo "2264"]
[BlackElo "2095"]
[PlyCount "72"]
[EventDate "2003.10.18"]
[EventType "swiss"]
[EventRounds "9"]
[EventCountry "RUS"]
[SourceTitle "EXT 2004"]
[Source "ChessBase"]
[SourceDate "2003.11.25"]
[SourceVersion "1"]
[SourceVersionDate "2003.11.25"]
[SourceQuality "1"]

1. d4 Nf6 2. c4 c5 3. e3 e6 4. Nf3 d5 5. Nc3 Nc6 6. Be2 cxd4 7. exd4 Bd6 8. 0-0 0-0 9. h3 dxc4 10. Bxc4 b6 11. Re1 Bb7 12. Bf4 Rc8 13. Bb3 Na5 14. Bc2 Nc4 15. Ne4 Nxb2 16. Qb1 Bxe4 17. Rxe4 Nc4 18. Re2 Na3 19. Qb3 Nd5 20. Bg3 Rc3 21. Qb2 Nxc2 22. Rxc2 Ba3 23. Qb1 Qc8 24. Rxc3 Qxc3 25. Qe1 Rc8 26. Rb1 Qc2 27. Kh2 Qxa2 28. Ra1 Qb2 29. Ng5 h6 30. Ne4 a5 31. Be5 Rc6 32. f4 Bf8 33. Rb1 Qc2 34. Rd1 a4 35. Rd2 Qc1 36. Qh4 f5 0-1

[Event "RUS-Cup 300 years"]
[Site "St Petersburg"]
[Date "2003.10.22"]
[Round "5"]
[White "Melnikov, Nikolay"]
[Black "Zuttis, Sergey"]
[Result "0-1"]
[WhiteElo "1930"]
[BlackElo "2264"]
[PlyCount "100"]
[EventDate "2003.10.18"]
[EventType "swiss"]
[EventRounds "9"]
[EventCountry "RUS"]
[SourceTitle "EXT 2004"]
[Source "ChessBase"]
[SourceDate "2003.11.25"]
[SourceVersion "1"]
[SourceVersionDate "2003.11.25"]
[SourceQuality "1"]

1. e4 e6 2. d4 d5 3. Nc3 Nf6 4. Bg5 dxe4 5. Nxe4 Be7 6. Nxf6+ Bxf6 7. Bxf6 Qxf6 8. Nf3 0-0 9. Bd3 c5 10. 0-0 Nc6 11. c3 cxd4 12. cxd4 Rd8 13. Qa4 Nxd4 14. Nxd4 Qxd4 15. Qxd4 Rxd4 16. Rfd1 e5 17. Be4 Be6 18. Rxd4 exd4 19. b3 Rc8 20. Bxb7 Rc2 21. Be4 Rb2 22. Kf1 g6 23. Ke1 Kg7 24. Bd3 a5 25. h3 Kf6 26. Bb5 Ke5 27. Bd3 h5 28. Kf1 Kd6 29. h4 Rd2 30. Be4 Kc5 31. Ke1 Rb2 32. Rc1+ Kb4 33. Bb1 a4 34. bxa4 Bf5 35. Bxf5 gxf5 36. Rd1 Kc3 37. Rc1+ Kd3 38. Rd1+ Kc4 39. a3 d3 40. Rd2 Rb8 41. Rd1 Re8+ 42. Kd2 Re2+ 43. Kc1 Kc3 44. Rf1 Ra2 45. Kb1 Rb2+ 46. Ka1 d2 47. Rd1 Rb8 48. a5 Kc2 49. Rf1 d1Q+ 50. Rxd1 Kxd1 0-1

[Event "RUS-Cup 300 years"]
[Site "St Petersburg"]
[Date "2003.10.19"]
[Round "2"]
[White "Zuttis, Sergey"]
[Black "Zontakh, Andrey"]
[Result "0-1"]
[WhiteElo "2264"]
[BlackElo "2531"]
[PlyCount "58"]
[EventDate "2003.10.18"]
[EventType "swiss"]
[EventRounds "9"]
[EventCountry "RUS"]
[SourceTitle "EXT 2004"]
[Source "ChessBase"]
[SourceDate "2003.11.25"]
[SourceVersion "1"]
[SourceVersionDate "2003.11.25"]
[SourceQuality "1"]

1. Nf3 Nf6 2. d4 e6 3. Bg5 h6 4. Bxf6 Qxf6 5. e3 b6 6. Bd3 Bb7 7. Nbd2 g5 8. Rg1 Nc6 9. c3 g4 10. Ne4 Qe7 11. Ne5 h5 12. f4 gxf3 13. Nxf3 0-0-0 14. Qe2 f5 15. Ned2 Kb8 16. 0-0-0 Bh6 17. Kb1 Rhg8 18. g3 Rdf8 19. Bb5 d6 20. Rge1 e5 21. d5 Nd8 22. Qc4 Qf7 23. Nb3 Rg4 24. Qe2 Bxd5 25. Nfd2 Bb7 26. Ba6 Bxe3 27. Bxb7 Bxd2 28. Bf3 Bxe1 29. Bd5 Qd7 0-1

[Event "RUS-Cup 300 years"]
[Site "St Petersburg"]
[Date "2003.10.18"]
[Round "1"]
[White "Sambuev, Bator"]
[Black "Zuttis, Sergey"]
[Result "1-0"]
[WhiteElo "2507"]
[BlackElo "2264"]
[PlyCount "97"]
[EventDate "2003.10.18"]
[EventType "swiss"]
[EventRounds "9"]
[EventCountry "RUS"]
[SourceTitle "EXT 2004"]
[Source "ChessBase"]
[SourceDate "2003.11.25"]
[SourceVersion "1"]
[SourceVersionDate "2003.11.25"]
[SourceQuality "1"]

1. Nf3 Nf6 2. c4 d6 3. d4 Bg4 4. Nc3 c6 5. g3 Bxf3 6. exf3 Nbd7 7. Bg2 g6 8. 0-0 Bg7 9. Re1 0-0 10. d5 Re8 11. f4 Qc7 12. Be3 a6 13. Rc1 c5 14. a4 Rad8 15. Rc2 Nb6 16. Qd3 Ng4 17. Bc1 Nf6 18. Rce2 Qd7 19. b3 Nc8 20. Bb2 Rf8 21. Qc2 Rde8 22. Ne4 Nxe4 23. Rxe4 Qf5 24. Bxg7 Kxg7 25. Qb2+ Kg8 26. h4 Rd8 27. Qe2 b5 28. axb5 axb5 29. Qf3 bxc4 30. bxc4 Qf6 31. h5 Rfe8 32. Bh3 Kh8 33. Kg2 Rg8 34. hxg6 hxg6 35. Bxc8 Rxc8 36. Rxe7 Rcd8 37. g4 Rg7 38. g5 Qf5 39. Re8+ Rxe8 40. Rxe8+ Rg8 41. Qc3+ Kh7 42. Re3 Rg7 43. Qf6 Qd7 44. Kg3 Kg8 45. Re7 Qa4 46. Qxd6 Qb3+ 47. Re3 Qd1 48. Qd8+ Kh7 49. Kh2 1-0

[Event "St Petersburg op"]
[Site "St Petersburg"]
[Date "2003.??.??"]
[Round "1"]
[White "Zuttis, Sergey"]
[Black "Oleinik, Alexander"]
[Result "1/2-1/2"]
[WhiteElo "2264"]
[BlackElo "2046"]
[PlyCount "35"]
[EventDate "2003.??.??"]
[EventType "swiss"]
[EventRounds "9"]
[EventCountry "RUS"]
[SourceTitle "EXT 2005"]
[Source "ChessBase"]
[SourceDate "2004.11.15"]
[SourceVersion "1"]
[SourceVersionDate "2004.11.15"]
[SourceQuality "1"]

1. d4 Nf6 2. Bg5 Ne4 3. Bh4 c6 4. f3 Qa5+ 5. c3 Qh5 6. Bf2 Nxf2 7. Kxf2 d5 8. Nd2 e5 9. e4 Bd6 10. exd5 exd4 11. Qe1+ Kd8 12. Ne4 Re8 13. Ne2 Rxe4 14. fxe4 cxd5 15. Nxd4 Qh4+ 16. Kg1 Qxe4 17. Qxe4 dxe4 18. Bc4 1/2-1/2

[Event "Chigorin Memorial 09th"]
[Site "St Petersburg"]
[Date "2001.10.29"]
[Round "4"]
[White "Drozdova, Dina"]
[Black "Zuttis, Sergey"]
[Result "1-0"]
[WhiteElo "2172"]
[BlackElo "2317"]
[PlyCount "115"]
[EventDate "2001.10.26"]
[EventType "swiss"]
[EventRounds "9"]
[EventCountry "RUS"]
[SourceTitle "EXT 2002"]
[Source "ChessBase"]
[SourceDate "2001.11.25"]
[SourceVersion "1"]
[SourceVersionDate "2001.11.25"]
[SourceQuality "1"]

1. e4 e6 2. d4 d5 3. Nc3 Nf6 4. e5 Nfd7 5. f4 c5 6. Nf3 Nc6 7. Be3 cxd4 8. Nxd4 Bc5 9. Nce2 a6 10. c3 0-0 11. g3 Nxd4 12. Bxd4 b5 13. Bg2 Bb7 14. 0-0 Qc7 15. Nc1 a5 16. Nb3 Be7 17. Rc1 Nc5 18. Nxc5 Bxc5 19. Bxc5 Qxc5+ 20. Qd4 Rac8 21. a3 Qxd4+ 22. cxd4 b4 23. Rfe1 Rfd8 24. Kf2 Kf8 25. Ke3 Ke7 26. Kd2 Ba6 27. Rxc8 Rxc8 28. Rc1 Rc4 29. Rxc4 Bxc4 30. Bf3 Kd7 31. Bd1 Bb5 32. Bc2 h6 33. Ke3 f6 34. Kf3 fxe5 35. fxe5 Kc6 36. Kf4 g5+ 37. Kf3 Bc4 38. Ba4+ Bb5 39. Bd1 Bd3 40. axb4 axb4 41. Kg4 Bg6 42. h4 gxh4 43. Kxh4 Kb5 44. b3 Kc6 45. g4 Kd7 46. g5 hxg5+ 47. Kxg5 Bf5 48. Kf6 Kd8 49. Kf7 Kd7 50. Be2 Kd8 51. Bb5 Bg4 52. Bc6 Bf5 53. Bxd5 exd5 54. e6 Kc7 55. e7 Bd7 56. e8Q Bxe8+ 57. Kxe8 Kd6 58. Kf7 1-0

[Event "Chigorin Memorial 09th"]
[Site "St Petersburg"]
[Date "2001.10.28"]
[Round "3"]
[White "Zuttis, Sergey"]
[Black "Loginov, Valery A"]
[Result "0-1"]
[WhiteElo "2317"]
[BlackElo "2513"]
[PlyCount "64"]
[EventDate "2001.10.26"]
[EventType "swiss"]
[EventRounds "9"]
[EventCountry "RUS"]
[SourceTitle "EXT 2002"]
[Source "ChessBase"]
[SourceDate "2001.11.25"]
[SourceVersion "1"]
[SourceVersionDate "2001.11.25"]
[SourceQuality "1"]

1. c4 g6 2. Nc3 Bg7 3. g3 e5 4. Bg2 d6 5. d3 Nf6 6. e4 c6 7. Nge2 Na6 8. d4 0-0 9. 0-0 exd4 10. Nxd4 Nc5 11. Nb3 Be6 12. Qe2 Qb6 13. Nxc5 Qxc5 14. b3 Rfe8 15. Be3 Qa5 16. Qc2 Ng4 17. Bd2 Qh5 18. h3 Nf6 19. Kh2 g5 20. Qd1 Bg4 21. f3 Be6 22. Rc1 Rad8 23. Ne2 d5 24. cxd5 cxd5 25. e5 Nd7 26. f4 Bg4 27. Rf2 gxf4 28. gxf4 Nxe5 29. fxe5 Rxe5 30. Bc3 Rxe2 31. Rxe2 Bxe2 32. Qg1 d4 0-1

[Event "Chigorin Memorial 09th"]
[Site "St Petersburg"]
[Date "2001.10.02"]
[Round "8"]
[White "Zuttis, Sergey"]
[Black "Dushenok, Anna"]
[Result "0-1"]
[WhiteElo "2317"]
[BlackElo "2194"]
[PlyCount "80"]
[EventDate "2001.10.26"]
[EventType "swiss"]
[EventRounds "9"]
[EventCountry "RUS"]
[SourceTitle "EXT 2002"]
[Source "ChessBase"]
[SourceDate "2001.11.25"]
[SourceVersion "1"]
[SourceVersionDate "2001.11.25"]
[SourceQuality "1"]

1. g3 d5 2. Bg2 c5 3. d3 e5 4. Nd2 Nc6 5. e4 d4 6. f4 Bd6 7. Nc4 Nge7 8. Nf3 Ng6 9. 0-0 f6 10. f5 Nge7 11. a4 Na5 12. Nxa5 Qxa5 13. Bd2 Qb6 14. Qe2 c4 15. Rfb1 cxd3 16. Qxd3 Bd7 17. b4 a6 18. Kh1 0-0 19. g4 Rac8 20. g5 Qc6 21. Rb2 Bxf5 22. Nxe5 Bxe5 23. exf5 Qd7 24. g6 Nxf5 25. gxh7+ Kh8 26. c4 Nh4 27. Be4 f5 28. Bd5 b5 29. axb5 axb5 30. Be1 bxc4 31. Bxc4 Qc6+ 32. Kg1 Qxc4 33. Qxc4 Rxc4 34. Ra5 Nf3+ 35. Kf2 d3 36. Rba2 Nxe1 37. Kxe1 Bc3+ 38. Kf2 Bxb4 39. Rd5 Rc2+ 40. Rxc2 dxc2 0-1

[Event "RUS-Cup"]
[Site "Bor"]
[Date "2000.??.??"]
[Round "1"]
[White "Zuttis, Sergey"]
[Black "Hasangatin, Ramil"]
[Result "1/2-1/2"]
[WhiteElo "2210"]
[BlackElo "2458"]
[PlyCount "64"]
[EventDate "2000.06.??"]
[EventType "swiss"]
[EventRounds "9"]
[EventCountry "RUS"]
[SourceTitle "EXT 2001"]
[Source "ChessBase"]
[SourceDate "2000.11.22"]
[SourceVersion "1"]
[SourceVersionDate "2000.11.22"]
[SourceQuality "1"]

1. e4 c5 2. Nf3 Nc6 3. d4 cxd4 4. Nxd4 Qc7 5. Nc3 e6 6. Be2 a6 7. Be3 Nf6 8. a3 b5 9. 0-0 Bb7 10. Nb3 Ne5 11. f4 Nc4 12. Bxc4 bxc4 13. Nd2 Be7 14. Qe2 Rc8 15. Rad1 0-0 16. Bd4 d6 17. e5 Nd5 18. Nxd5 Bxd5 19. Ne4 Bxe4 20. Qxe4 Qc6 21. Qxc6 Rxc6 22. exd6 Bxd6 23. Bc3 Rb8 24. g4 f6 25. Kg2 Kf7 26. Kf3 h5 27. h3 Rh8 28. Rh1 Ke7 29. f5 Bc5 30. Rhe1 hxg4+ 31. Kxg4 Rb8 32. Rd2 Rb7 1/2-1/2